| 000 | 00547nam a2200217 a 4500 | ||
|---|---|---|---|
| 999 |
_c6913 _d6913 |
||
| 001 | 6913 | ||
| 003 | BD-JhCC | ||
| 005 | 20180201085941.0 | ||
| 008 | 180201s1966 e a|||| | || 000 0 eng d | ||
| 035 | _a(BD-JhCC)6913 | ||
| 040 |
_aBD-JhCC _dBD-JhCC |
||
| 041 | _aeng | ||
| 082 |
_a791.45 _bCAR 1966 |
||
| 100 | _aCarroll, Lewis | ||
| 245 |
_aAlice in Wonderland / _cLewis Carroll, |
||
| 260 |
_aLondon : _bBancroft & Co (Publishers), _c1966 |
||
| 300 |
_a112 p. : _c20 cm. |
||
| 650 | _aImaginary Palces | ||
| 942 |
_2ddc _cBK |
||